Premier League Travellers Quiz Stats

 Plays Quiz not verified by Sporcle

Score 0/7 Timer 04:00
0 Plays Today
Clubs played for Player % Correct
Arsenal, Real Madrid, ChelseaNicolas Anelka
91.3%
Liverpool, Real Madrid, Man UMichael Owen
77.4%
Chelsea, Arsenal, Real MadridLassana Diarra
60.8%
Arsenal, Liverpool, Real ZaragozaJermaine Pennant
60%
Arsenal, Barcelona, ChelseaEmmanuel Petit
47.5%
Barcelona, Chelsea, LiverpoolBoudewijn Zenden
43.8%
Man U, Barcelona, ChelseaMark Hughes
39.2%

You're not logged in!

Compare scores with friends on all Sporcle quizzes.
Join for Free
OR
Log In

You Might Also Like...

Show Comments

Extras

Top Quizzes Today


Score Distribution

Your Account Isn't Verified!

In order to create a playlist on Sporcle, you need to verify the email address you used during registration. Go to your Sporcle Settings to finish the process.

Report this User

Report this user for behavior that violates our Community Guidelines.

Details: